Wind energy for water pumping, from policy to action : (Record no. 545292)
[ view plain ]
| 000 -LEADER | |
|---|---|
| fixed length control field | 00679nam a2200181 a 4500 |
| 020 ## - INTERNATIONAL STANDARD BOOK NUMBER | |
| International Standard Book Number | 8120402510 : |
| 082 00 - DEWEY DECIMAL CLASSIFICATION NUMBER | |
| Classification number | 621.252 |
| Author Mark | SRI |
| -- | L-23, P-63 |
| 100 1# - MAIN ENTRY--PERSONAL NAME | |
| Personal name | Srivastava, Uma K. |
| 9 (RLIN) | 41096 |
| 245 10 - TITLE STATEMENT | |
| Title | Wind energy for water pumping, from policy to action : |
| Remainder of title | an evaluation of progress in Gujarat / |
| Statement of responsibility, etc. | U.K. Srivastava, Girja Sharan. |
| 260 ## - PUBLICATION, DISTRIBUTION, ETC. | |
| Place of publication, distribution, etc. | New Delhi : |
| Name of publisher, distributor, etc. | Oxford & IBH Pub. Co., |
| Date of publication, distribution, etc. | c1987. |
| 300 ## - PHYSICAL DESCRIPTION | |
| Extent | x, 83 p. : |
| Other physical details | ill., maps ; |
| Dimensions | 22 cm. |
| 526 ## - STUDY PROGRAM INFORMATION NOTE | |
| Program name | 0 |
| Interest level | 0 |
| Reading level | 0 |
| Title point value | 621_252000000000000_SRI |
| 650 #0 - SUBJECT ADDED ENTRY--TOPICAL TERM | |
| Topical term or geographic name entry element | MCE |
| 9 (RLIN) | 379 |
| 650 #0 - SUBJECT ADDED ENTRY--TOPICAL TERM | |
| Topical term or geographic name entry element | Pumping stations |
| Geographic subdivision | India |
| -- | Gujarat |
| General subdivision | Power supply. |
| 9 (RLIN) | 41097 |
| 650 #0 - SUBJECT ADDED ENTRY--TOPICAL TERM | |
| Topical term or geographic name entry element | Wind power |
| Geographic subdivision | India |
| -- | Gujarat. |
| 9 (RLIN) | 41098 |
| 700 1# - ADDED ENTRY--PERSONAL NAME | |
| Personal name | Sharan, Girja. |
| 9 (RLIN) | 41099 |
| 942 ## - ADDED ENTRY ELEMENTS (KOHA) | |
| Source of classification or shelving scheme | |
| Koha item type | Book |
| Withdrawn status | Lost status | Source of classification or shelving scheme | Damaged status | Not for loan | Permanent Location | Current Location | Date acquired | Total Checkouts | Full call number | Barcode | Date last seen | Price effective from | Koha item type |
|---|---|---|---|---|---|---|---|---|---|---|---|---|---|
| Military College of Engineering (MCE) | Military College of Engineering (MCE) | 05/20/2014 | 621.252 SRI | MCE-25546 | 05/20/2014 | 05/20/2014 | Book |
